| 000 | 00873nam a2200229 a 4500 | ||
|---|---|---|---|
| 005 | 20250605063848.0 | ||
| 008 | 020508s19541979mx r 000 0 spa d | ||
| 020 | _a8425409152 | ||
| 035 | _aUPN01000117221 | ||
| 049 | _aCG | ||
| 050 | 4 |
_aB82 _bH5.38 |
|
| 100 | 1 | _aHirschberger, Johannes | |
| 245 | 1 | 0 |
_aHistoria de la filosofía / _cJohannes Hirschberger ; presentación, tr. y síntesis de historia de la filosofía española por Luis Martínez Gómez. |
| 260 |
_aBarcelona, Esp. : _bHerder, _c1954 (1979 impr.). |
||
| 300 | _a2 v. | ||
| 440 | 0 |
_aBiblioteca Herder. _pSección de teología y filosofía ; _v13-14 |
|
| 505 | 8 |
_aContenido : _gv.1. _tAntigüedad, Edad Media, Renacimiento -- _gv.2. _tEdad Moderna, Edad Contemporánea |
|
| 650 | 4 |
_aFilosofía antigua _96916 |
|
| 650 | 4 |
_aFILOSOFIA MEDIEVAL _917741 |
|
| 650 | 4 |
_aFilosofía moderna _98266 |
|
| 905 | _aLibro | ||
| 999 |
_c89766 _d89766 |
||